000 00302nam a2200145Ia 4500
100 _aMerzbacher /eugene
250 _a2
942 _cBK
654 _aquantum
245 _aQuantum mechanics
260 _bJohn wiley
_aSingapore
_c1961
082 _a530.12
_bMER
300 _a621
546 _aENGLISH
999 _c34774
_d34774